00596nam a2200181 a 450000100060000000300090000600800410001504000280005608200170008410000270010124500320012826000380016030000110019865000240020994200120023399900170024595201520026211588CO-ViMGA141112s2004 ck r 000 u spa d aCO-ViMGAbspacCO-ViMGA04aCo863.6 R65c1 aRomero, Armando91613610aLa casa de los vespertilios aCaracas, cMonte Avila editores,  a115 p.14aCUENTOS COLOMBIANOS 2ddccBK c22777d22777 00102ddc40708003aMEVIECARbMEVIECARd2015-12-04hVolumen. 1 | 11/jun/2009l0oCo863.6 R65c p11588r2015-12-04 00:00:00tEj. 1w2015-12-04yBK